| 000 -LEADER |
| fixed length control field |
00606pab a2200193 454500 |
| 008 - FIXED-LENGTH DATA ELEMENTS--GENERAL INFORMATION |
| fixed length control field |
180718b2010 xxu||||| |||| 00| 0 eng d |
| 100 ## - MAIN ENTRY--PERSONAL NAME |
| Personal name |
Spielman, David J. |
| 245 ## - TITLE STATEMENT |
| Title |
Agricultural research, public-private partnerships, and risk management; evidence from the international agricultural research system |
| 260 ## - PUBLICATION, DISTRIBUTION, ETC. |
| Date of publication, distribution, etc. |
2010 |
| 300 ## - PHYSICAL DESCRIPTION |
| Extent |
p.21-50. |
| 362 ## - DATES OF PUBLICATION AND/OR SEQUENTIAL DESIGNATION |
| Dates of publication and/or sequential designation |
Mar |
| 650 ## - SUBJECT ADDED ENTRY--TOPICAL TERM |
| Topical term or geographic name entry element |
Public private partnerships |
| 650 ## - SUBJECT ADDED ENTRY--TOPICAL TERM |
| Topical term or geographic name entry element |
Agricultural research |
| 700 ## - ADDED ENTRY--PERSONAL NAME |
| Personal name |
Grebmer, Klaus von |
| 700 ## - ADDED ENTRY--PERSONAL NAME |
| Personal name |
Hartwich, Frank |
| 773 ## - HOST ITEM ENTRY |
| Main entry heading |
Asian Biotechnology and Development Review |
| 908 ## - PUT COMMAND PARAMETER (RLIN) |
| Put command parameter |
N |
| 909 ## - |
| -- |
87686 |